Ego

Bibliographic Details
Main Author: Abdul Rahim Awang (Author)
Format: Book
Language:Malay
Published: Kuala Lumpur : Creative Enterprise 2004
Subjects:

MARC

LEADER 00000cam a2200000 7i4500
001 0000030701
005 20240910.0
008 240213 my may
020 |a 9838935786 (pbk) 
040 |a INS   |b eng   |e rda 
090 0 0 |a PL5186.A23   |b .E36 2004 
100 0 |a Abdul Rahim Awang ,   |e author 
245 1 0 |a Ego   |c Abdul Rahim Awang 
264 1 |a Kuala Lumpur :   |b Creative Enterprise   |c 2004 
300 |a 467 pages ;   |c 19 cm. 
336 |a text  |2 rdacontent 
337 |a unmediated  |2 rdamedia 
338 |a volume  |2 rdacarrier 
650 0 |a Malay fiction 
999 |a 0000025076   |b BOOK   |c Open Shelf   |e Default branch